Critical studies, the liberal arts, and journalism education (Record no. 65266)

MARC details
000 -CABECERA
campo de control de longitud fija 00486nam a2200181 a 4500
005 - FECHA Y HORA DE LA ÚLTIMA TRANSACCIÓN
campo de control 20210219152956.0
008 - ELEMENTOS DE LONGITUD FIJA--INFORMACIÓN GENERAL
campo de control de longitud fija 991125n 000 0 eng u
035 ## - NÚMERO DE CONTROL DEL SISTEMA
Número de control de sistema UPN01000070177
100 ## - ASIENTO PRINCIPAL--NOMBRE PERSONAL
Nombre de persona Parisi, Peter
222 ## - TÍTULO CLAVE
Título clave JOURNALISM EDUCATOR
245 ## - MENCIÓN DE TÍTULO
Título Critical studies, the liberal arts, and journalism education
300 ## - DESCRIPCIÓN FÍSICA
Extensión 4-13
362 ## - FECHAS DE PUBLICACIÓN Y/O DESIGNACIÓN SECUENCIAL
Fecha de publicación y/o designación secuencial 1992 46, no. 4
653 0# - TERMINO DE INDIZACION - NO CONTROLADO
Término no controlado ARTES LIBERALES
653 0# - TERMINO DE INDIZACION - NO CONTROLADO
Término no controlado EDUCACION PERIODISTICA
904 ## - ELEMENTOS DE DATOS D LOCAL, LDD (RLIN)
a AC
b 007988
905 ## - TIPO DE MATERIAL
Tipo de material Articulo

No items available.